<?xml version="1.0" encoding="UTF-8"?>
<record
    xmlns:xsi="http://www.w3.org/2001/XMLSchema-instance"
    xsi:schemaLocation="http://www.loc.gov/MARC21/slim http://www.loc.gov/standards/marcxml/schema/MARC21slim.xsd"
    xmlns="http://www.loc.gov/MARC21/slim">

  <leader>00914cam3a220025300 4500</leader>
  <controlfield tag="001">tmp15413077</controlfield>
  <controlfield tag="003">UPRA</controlfield>
  <controlfield tag="005">20190830130102.0</controlfield>
  <controlfield tag="008">950809m19651967quc                 fre u</controlfield>
  <datafield tag="035" ind1=" " ind2=" ">
    <subfield code="a">(Sirsi) r30796</subfield>
  </datafield>
  <datafield tag="035" ind1=" " ind2=" ">
    <subfield code="a">(UPRA)tmp15413077</subfield>
  </datafield>
  <datafield tag="040" ind1=" " ind2=" ">
    <subfield code="c">UPRA</subfield>
  </datafield>
  <datafield tag="100" ind1="1" ind2=" ">
    <subfield code="a">Lanct^ot, Gustave.</subfield>
    <subfield code="6">A94950.2</subfield>
  </datafield>
  <datafield tag="245" ind1="1" ind2="0">
    <subfield code="a">Histoire du Canada.</subfield>
  </datafield>
  <datafield tag="260" ind1=" " ind2=" ">
    <subfield code="a">Montreal :</subfield>
    <subfield code="b">Beauchemin,</subfield>
    <subfield code="c">1965-1967.</subfield>
  </datafield>
  <datafield tag="500" ind1=" " ind2=" ">
    <subfield code="a">Vol. I, 5 me ed., revue et rev.</subfield>
  </datafield>
  <datafield tag="504" ind1=" " ind2=" ">
    <subfield code="a">Includes bibliographies.</subfield>
  </datafield>
  <datafield tag="505" ind1="0" ind2=" ">
    <subfield code="a">Vol. I. Des origines au regime royal -- Vol. 2 Du regime ... royal au traite d'Utrecht, 1663-1713 -- v. 3 Du traite d'Utrecht autraite de Paris, 1713-1763.</subfield>
  </datafield>
  <datafield tag="651" ind1=" " ind2="0">
    <subfield code="a">Canada -- History.</subfield>
    <subfield code="x">Canada -- History.</subfield>
    <subfield code="6">S29189.1</subfield>
  </datafield>
  <datafield tag="949" ind1=" " ind2=" ">
    <subfield code="a">F1026</subfield>
    <subfield code="w">lcc</subfield>
    <subfield code="i">-34691</subfield>
    <subfield code="m">MAIN</subfield>
    <subfield code="t">BOOK</subfield>
    <subfield code="l">ON-SHELF</subfield>
  </datafield>
  <datafield tag="949" ind1=" " ind2=" ">
    <subfield code="a">F1026</subfield>
    <subfield code="w">lcc</subfield>
    <subfield code="i">-34692</subfield>
    <subfield code="m">MAIN</subfield>
    <subfield code="t">BOOK</subfield>
    <subfield code="l">ON-SHELF</subfield>
  </datafield>
  <datafield tag="949" ind1=" " ind2=" ">
    <subfield code="a">F1026</subfield>
    <subfield code="w">lcc</subfield>
    <subfield code="i">-34693</subfield>
    <subfield code="m">MAIN</subfield>
    <subfield code="t">BOOK</subfield>
    <subfield code="l">ON-SHELF</subfield>
  </datafield>
  <controlfield tag="004">30796</controlfield>
  <datafield tag="999" ind1=" " ind2=" ">
    <subfield code="c">202486</subfield>
    <subfield code="d">202486</subfield>
  </datafield>
</record>
